| 000 -LEADER | |
|---|---|
| fixed length control field | 00389nam a22001697a 4500 |
| 005 - DATE AND TIME OF LATEST TRANSACTION | |
| control field | 20160629155042.0 |
| 008 - FIXED-LENGTH DATA ELEMENTS--GENERAL INFORMATION | |
| fixed length control field | 160629b xxu||||| |||| 00| 0 eng d |
| 020 ## - INTERNATIONAL STANDARD BOOK NUMBER | |
| ISBN | 81-85749-48-5 |
| 041 ## - LANGUAGE CODE | |
| Language code of text/sound track or separate title | eng |
| 082 ## - DEWEY DECIMAL CLASSIFICATION NUMBER | |
| Item number | 12762 |
| 100 ## - MAIN ENTRY--AUTHOR NAME | |
| Personal name | singal, R K |
| 245 ## - TITLE STATEMENT | |
| Title | Automobile Engineering |
| 260 ## - PUBLICATION, DISTRIBUTION, ETC. (IMPRINT) | |
| Name of publisher | Katson |
| Year of publication | 2011 |
| 300 ## - PHYSICAL DESCRIPTION | |
| Number of Pages | 331 |
| 650 ## - SUBJECT ADDED ENTRY--TOPICAL TERM | |
| Topical Term | Diploma Engineering |
| 942 ## - ADDED ENTRY ELEMENTS (KOHA) | |
| Koha item type | Books |
| Lost status | Damaged status | Collection code | Home library | Current library | Shelving location | Date acquired | Cost, normal purchase price | Full call number | Accession Number | Koha item type |
|---|---|---|---|---|---|---|---|---|---|---|
| MINING | JRU Library | JRU Library | SHELF-58-G | 29/06/2016 | 185.00 | 12762 | 12762 | Books | ||
| JRU Library | JRU Library | SHELF - 14 - J | 29/06/2016 | 185.00 | 12762 | 12763 | Books | |||
| JRU Library | SHELF-47-M | 29/06/2016 | 185.00 | 12762 | 12764 | Books | ||||
| JRU Library | SHELF-47-M | 29/06/2016 | 185.00 | 12762 | 12765 | Books | ||||
| JRU Library | SHELF-47-M | 29/06/2016 | 185.00 | 12762 | 12766 | Books | ||||
| JRU Library | SHELF-47-M | 29/06/2016 | 185.00 | 12762 | 12767 | Books | ||||
| JRU Library | SHELF-47-M | 29/06/2016 | 185.00 | 12762 | 12768 | Books | ||||
| JRU Library | SHELF-47-M | 29/06/2016 | 185.00 | 12762 | 12769 | Books | ||||
| JRU Library | SHELF-47-M | 29/06/2016 | 185.00 | 12762 | 12770 | Books | ||||
| JRU Library | JRU Library | SHELF - 14 - J | 29/06/2016 | 185.00 | 12762 | 12771 | Books | |||
| JRU Library | SHELF-47-K | 29/06/2016 | 185.00 | 12762 | 12772 | Books | ||||
| JRU Library | JRU Library | SHELF - 14 - J | 29/06/2016 | 185.00 | 12762 | 12773 | Books | |||
| JRU Library | SHELF-47-K | 29/06/2016 | 185.00 | 12762 | 12774 | Books | ||||
| JRU Library | SHELF-47-M | 29/06/2016 | 185.00 | 12762 | 12775 | Books | ||||
| JRU Library | SHELF-47-K | 29/06/2016 | 185.00 | 12762 | 12776 | Books | ||||
| JRU Library | JRU Library | SHELF - 14 - J | 29/06/2016 | 185.00 | 12762 | 12777 | Books | |||
| JRU Library | SHELF-47-K | 29/06/2016 | 185.00 | 12762 | 12778 | Books | ||||
| JRU Library | JRU Library | SHELF - 14 - J | 29/06/2016 | 185.00 | 12762 | 12779 | Books | |||
| JRU Library | JRU Library | SHELF - 14 - J | 29/06/2016 | 185.00 | 12762 | 12780 | Books | |||
| JRU Library | JRU Library | SHELF - 14 - J | 29/06/2016 | 185.00 | 12762 | 12781 | Books | |||
| JRU Library | JRU Library | SHELF - 14 - J | 29/06/2016 | 185.00 | 12762 | 12782 | Books | |||
| JRU Library | 29/06/2016 | 185.00 | 12762 | 12783 | Books | |||||
| JRU Library | JRU Library | SHELF - 14 - J | 29/06/2016 | 185.00 | 12762 | 12784 | Books |